000 02381nam0a2200337 4500
001 RU\NLR\BIBL_A\022277414
005 20260420012132.0
021 _aRU
_bКН-П-24-032270
_9КН-П-24-3266
035 _a(NLR Aleph) 022277414
090 _a13660598
_c13660598
100 _a20240715d2024 u y0rusy50 ca
101 0 _arus
102 _aRU
105 _aa j 000yy
181 0 _ai3
_baxxe
182 0 _an
200 1 _aОбщеразвивающие упражнения на занятиях физической культурой со студентами основной медицинской группы
_eучебно-методическое пособие
_eдля преподавателей, тренеров и инструкторов по физической культуре и спорту
_fМинистерство науки и высшего образования Российской Федерации, Федеральное государственное бюджетное образовательное учреждение высшего образования "Новгородский государственный университет имени Ярослава Мудрого"
_gавт.-сост.: М. С. Цветков, Г. А. Базай
203 _aТекст
_bвизуальный
_cнепосредственный
210 _aВеликий Новгород
_cНовгородский государственный университет им. Ярослава Мудрого
_d2024
215 _a68 с.
_cил., цв. ил.
_d21
320 _aБиблиогр.: с. 68 (18 назв.)
606 1 _aГимнастические упражнения общеразвивающие
_jУчебно-методические пособия для высших учебных заведений
_xОбучение
_xВысшая школа
_92598721
_3RU\NLR\AUTH\6601744552
686 1 _aЧ516.821.4я73
686 1 _aЧ486.73-1гимнастика.я73
702 1 _aЦветков
_bМ. С.
_gМихаил Степанович
_4220
712 0 2 _4475
_aНовгородский государственный университет им. Ярослава Мудрого
_9373214
_3RU\NLR\AUTH\889939168
942 _cBOOK
980 _aNB